| 000 | 00659nam a2200193Ia 4500 | ||
|---|---|---|---|
| 003 | LDD | ||
| 008 | 190117s9999 xx 000 0 und d | ||
| 020 |
_a9788176752695 _c₹250 |
||
| 040 | _cLDD | ||
| 041 | _ahi | ||
| 082 | _a8H3.7 शु1166खि | ||
| 100 | _aशुक्ल, विनोद कुमार | ||
| 245 | 0 |
_aखिलेगा तो देखेंगे _cविनोद कुमार शुक्ल |
|
| 260 |
_aपंचकूला _bआधार प्रकाशन _c2011 |
||
| 300 | _a231 | ||
| 901 | _aPS | ||
| 904 | _aReqst by : J.M. Parakh | ||
| 942 |
_2ddc _cH |
||
| 999 |
_c171946 _d171946 |
||